00791nam a2200205 a 4500999001500000005001700015008004100032040002500073041000800098082001200106090001400118100002700132245018900159260002500348300001500373650002200388942001500410945001500425952014500440 c5727d572720200601122048.0200601b ||||| |||| 00| 0 spa d aCO-BoIAVHcCO-BoIAVH aeng a595.789 aLBb04983 aEmsley, Michael992368 aGeographical distribution of the color - pattern components of Heliconius erato and Heliconius melpomene with genetical evidence for the systematic relationship between the two species aNew Yorkbs.n.c1964 a245-286 p. 0aMariposas9103229 cLIBRO2ddc d2007-08-01 00102ddc40708GENERALIINV2017aVillabVillad2007-08-01eSmith, Nubial0oLB-04983p024919r2012-12-04 00:00:00tEj.1w2012-12-04yLIBRO